Statistics for liverpool quiz

Click here to take the quiz!

General Stats

  • This quiz has been taken 131 times
  • The average score is 7 of 10

Answer Stats

QuestionAnswer% Correct
who did Liverpool beat in the miracle of Istanbul?Ac Milan
89%
who was Liverpool's top goalscorer in the 19/20 season?salah
89%
which player wears the number 4?van Dijk
84%
what year was the miracle of Istanbul?2005
83%
who is Liverpool's record signing?van Dijk
79%
which one of these did Liverpool sign from Sunderland?Henderson
75%
who scored the corner taken quickly?Origi
72%
who ended Liverpool unbeaten run in the 2019/20 season?Watford
65%
how many trophies have Liverpool won?40
22%
which of these has never played for Liverpool?Charlie Adam
13%

Score Distribution

Percentile by Number Answered

Percent of People with Each Score

Your Score History

You have not taken this quiz